| 000 | 00000nam 2200000zi 4500 |
| 001 | 9.936705 |
| 003 | CaOODSP |
| 005 | 20240513114627 |
| 006 | m o d f |
| 007 | cr |n||||||||| |
| 008 | 240411e19420608abcf ot f000 0 eng d |
| 040 | |aCaOODSP|beng|erda|cCaOODSP |
| 043 | |an-cn-ab |
| 086 | 1 |aDR52-16/1-1942E-PDF |
| 100 | 1 |aDavies, E. L., |eauthor. |
| 245 | 10|aSummary : |bthe 25 pdr BE/Chem shell under winter conditions / |cE.Ll. Davies ; [written by J.T. Hugill]. |
| 246 | 34|aThe 25 pdr. BE/Chem shell under winter conditions |
| 264 | 1|aSuffield, Alberta : |bExperimental Station, |c8th June, 1942 |
| 300 | |a1 online resource (4 pages, 5 unnumbered pages, 1 page of plates) |
| 336 | |atext|btxt|2rdacontent |
| 337 | |acomputer|bc|2rdamedia |
| 338 | |aonline resource|bcr|2rdacarrier |
| 490 | 1 |aReport ; |vno. 17 |
| 490 | 0 |aSES report ; |v17 |
| 500 | |aCaption title. |
| 500 | |aPDF includes "Document Reclassification Record". |
| 500 | |aDigitized edition from print [produced by Defence Research and Development Canada]. |
| 650 | 0|aBombs|xEffect of temperature on. |
| 650 | 0|aMustard gas|zAlberta|zSuffield|xTesting. |
| 650 | 6|aBombes|xEffets de la température sur. |
| 650 | 6|aGaz moutarde|zAlberta|zSuffield|xTests. |
| 710 | 2 |aSuffield Experimental Station, |eissuing body. |
| 830 | #0|aSuffield report (1942)|vno. 17. |w(CaOODSP)9.936669 |
| 856 | 40|qPDF|s570 KB|uhttps://publications.gc.ca/collections/collection_2024/rddc-drdc/DR52-16-1-1942-eng.pdf |
| 986 | |aSR 17 |